Gospodarze Mistrzostw Europy w Piłce Nożnej - Statystyki

Ogólne statystyki
  • Ten quiz został rozwiązany 1 260 razy
  • Średni wynik to 25 z 30
Statystyki odpowiedzi
Rok Gospodarz % Poprawnych
2020 Niemcy
98%
2024 Niemcy
98%
2012 Polska
98%
1960 Francja
96%
1984 Francja
96%
2016 Francja
96%
2012 Ukraina
94%
1964 Hiszpania
92%
2020 Hiszpania
92%
2004 Portugalia
92%
1968 Włochy
92%
1980 Włochy
92%
2020 Włochy
92%
1996 Anglia
91%
2020 Anglia
91%
2020 Rosja
89%
2000 Holandia
85%
2020 Holandia
85%
1972 Belgia
82%
2000 Belgia
82%
1992 Szwecja
82%
2008 Szwajcaria
80%
2008 Austria
79%
2020 Dania
76%
2020 Węgry
71%
2020 Rumunia
63%
2020 Szkocja
59%
1976 Jugosławia
52%
2020 Azerbejdżan
45%
1988 RFN
36%
Nie znaleziono quizów pasujących do podanych kryteriów
Rozkład punktacji
Procent ludzi z każdym wynikiem
Percentyl według liczby udzielonych odpowiedzi
Twoja historia wyników
Nie rozwiązałeś tego quizu